Monograph of the Asiatic Chiroptera : and catalogue of the species of bats in the collection of the Indian museum, Calcutta /

Bibliographic Details
Main Author: Dobson, George Edward, 1848-1895
Format: Book
Language:English
Subjects:

MARC

Tag First Indicator Second Indicator Subfields
LEADER 00000cam a2200000 4500
001 in00000050496
005 20151007071852.0
008 800604s1876 enka 00010 eng c
010 |a agr04000959  
035 |a (OCoLC)06387821 
035 |9 AAE6790AM 
040 |a U.S. Dept. of Agriculture  |c TXA  |d UtOrBLW 
049 |a TXAM  |c [465687] 
090 |a QL737.C5  |b D63 1876 
092 |a 599.4  |b D635m, 1876 
100 1 |a Dobson, George Edward,  |d 1848-1895. 
245 1 0 |a Monograph of the Asiatic Chiroptera :  |b and catalogue of the species of bats in the collection of the Indian museum, Calcutta /  |c By G. E. Dobson ... 
264 3 |a London :  |b Printed by Taylor and Francis,  |c 1876. 
300 |a viii, 228 pages :  |b illustrations, double diagram ;  |c 22 cm. 
336 |a text  |b txt  |2 rdacontent 
337 |a unmediated  |b n  |2 rdamedia 
338 |a volume  |b nc  |2 rdacarrier 
610 2 0 |a Indian Museum. 
650 0 |a Bats. 
999 |a MARS 
999 f f |s 51c894e4-2ac8-3e77-a37f-1a07ecffdcb3  |i 3fa0f7a1-deab-3a1c-83c9-14ec0485cf67  |t 0 
952 f f |p ric  |a Texas A&M University  |b Rellis Campus  |c Joint Library Facility  |d Remote Storage  |t 0  |e QL737.C5 D63 1876  |h Library of Congress classification  |i unmediated -- volume  |m A14801025814 
998 f f |a QL737.C5 D63 1876  |t 0  |l Remote Storage